000 00863cam a2200253 a 4500
008
020 _a0821331906
050 0 0 _aHC800.Z9
_fCON
100 1 _aConvery, Frank J.
245 1 0 _aApplying environmental economics in Africa /
_cFrank J. Convery.
260 _aWashington, D.C. :
_bWorld Bank,
_cc1995.
300 _axviii, 157 p. :
_bill. ;
_c28 cm.
504 _aIncludes bibliographical references (p. 149-153) and index.
650 0 _aEnvironmental economics
_zAfrica.
650 0 _aSustainable development
_zAfrica.
830 0 _aWorld Bank technical paper ;
_vno. 277.
830 0 _aWorld Bank technical paper.
_pAfrica Technical Department series.
907 _a.b10164972
_b13-06-05
_c13-06-05
999 _aCM Remote
_c158459
_d158459
003
005 20230123134017.0
040 _cNUST
049 _aMAIN
942 _cBOOKS